00321nam a22000857a 4500008004100000082001700041245012300058260004400181300001000225230612b xxu||||| |||| 00| 0 eng d a354.676bGOK a2008/2009 Estimates of Recurrent expenditure of the Government for the year Ending 30th June 2009cGovernment of Kenya aNairobibGovernment of KenyacJune 2008 a771 p